Dva prístupy k členeniu aktív v súvahe podľa IFRS

Aktíva obežné a neobežné. Likvidnosť aktív. Účtovná jednotka sa môže rozhodnúť, ako bude členiť aktíva v súvahe. IAS 1 ako prioritné kritérium pre členenie majetku a záväzkov uvádza členenie podľa ich obstarania (teda členenie na neobežný a obežný). Ak však z predmetu činnosti vyplýva, že vhodnejšie...

Ausführliche Beschreibung

Gespeichert in:
Bibliographische Detailangaben
1. Verfasser: Šlosárová, Anna
Format: Buchkapitel
Sprache:Slowakisch
Schlagworte:
Tags: Tag hinzufügen
Keine Tags, Fügen Sie das erste Tag hinzu!

MARC

LEADER 00000naa$a2200000$$$4500
001 0075598
005 20240502071903.9
041 0 |a slo 
044 |a SK 
245 1 0 |a Dva prístupy k členeniu aktív v súvahe podľa IFRS  |c Anna Šlosárová 
520 |a Aktíva obežné a neobežné. Likvidnosť aktív. Účtovná jednotka sa môže rozhodnúť, ako bude členiť aktíva v súvahe. IAS 1 ako prioritné kritérium pre členenie majetku a záväzkov uvádza členenie podľa ich obstarania (teda členenie na neobežný a obežný). Ak však z predmetu činnosti vyplýva, že vhodnejšie je členenie podľa likvidnosti, uplatní sa tekéto členenie, napr. v banke. Podľa IFRS sa môže uplatniť aj kombinácia týchto dvoch členení. 
610 2 0 |a aktíva 
610 2 0 |a likvidita 
610 2 0 |a likvidita majetku 
610 2 0 |a súvaha 
610 2 0 |a IFRS 
100 1 |a Šlosárová, Anna